Moloo Musalli: in search of lost humanity/ (Record no. 617183)

000 -LEADER
fixed length control field 00519nam a22001817a 4500
020 ## - INTERNATIONAL STANDARD BOOK NUMBER
International Standard Book Number 9789696403654
082 ## - DEWEY DECIMAL CLASSIFICATION NUMBER
Classification number 297.27
Author Mark SAQ
100 ## - MAIN ENTRY--PERSONAL NAME
Personal name Saqib, Muhammad Amjad
245 ## - TITLE STATEMENT
Title Moloo Musalli: in search of lost humanity/
Statement of responsibility, etc. Dr. Muhammad Amjad Saqib
250 ## - EDITION STATEMENT
Edition statement 1st ed.
260 ## - PUBLICATION, DISTRIBUTION, ETC.
Place of publication, distribution, etc. Lahore:
Name of publisher, distributor, etc. ILQA Publications;
Date of publication, distribution, etc. 2026.
300 ## - PHYSICAL DESCRIPTION
Extent 195p
504 ## - BIBLIOGRAPHY, ETC. NOTE
Bibliography, etc. note Includes bibliographical references
563 ## - BINDING INFORMATION
Binding note HB
650 ## - SUBJECT ADDED ENTRY--TOPICAL TERM
Topical term or geographic name entry element Islamic ethics
650 ## - SUBJECT ADDED ENTRY--TOPICAL TERM
Topical term or geographic name entry element Islam and society
942 ## - ADDED ENTRY ELEMENTS (KOHA)
Source of classification or shelving scheme
Koha item type Book
650 ## - SUBJECT ADDED ENTRY--TOPICAL TERM
-- 13797
650 ## - SUBJECT ADDED ENTRY--TOPICAL TERM
-- 134211
Holdings
Withdrawn status Lost status Source of classification or shelving scheme Materials specified (bound volume or other part) Damaged status Not for loan Permanent Location Current Location Shelving location Date acquired Source of acquisition Total Checkouts Full call number Barcode Date last seen Price effective from Koha item type
      Donated by Author     Central Library (CL) Central Library (CL) First Floor - Islam 04/18/2026 Donation   297.27 SAQ CL-D-3357 04/18/2026 04/18/2026 Book
© 2023 Central Library, National University of Sciences and Technology. All Rights Reserved.